000
00278nam a2200121Ia 4500
008
190216s9999||||xx |||||||||||||| ||und||
100
_a
Pillai N N
245
0
_a
Adyarathri
260
_b
National Book Stall
_c
1971
300
_a
107p
650
_a
Malayalam Nadakam
942
_c
BK
999
_c
26116
_d
26116